[Event "Morava-ch U16"]
[White "Zadrapova, Amalie"]
[Black "Mikolas, Jakub"]
[Site "Bystrice nad Pernstejnem"]
[Round "3"]
[Result "1-0"]
[Date "2024.10.28"]
[WhiteElo "1840"]
[BlackElo "1767"]
[PlyCount "63"]
[EventDate "2024.10.26"]
[EventType "swiss"]
[EventRounds "9"]
[EventCountry "CZE"]
[SourceTitle "CB45_2024"]
[Source "ChessBase"]
[SourceDate "2024.11.06"]
[SourceVersion "1"]
[SourceVersionDate "2024.11.06"]
[SourceQuality "1"]

1. e4 c5 2. Nf3 Nc6 3. Bb5 g6 4. Bxc6 dxc6 5. d3 Bg7 6. h3 e5 7. Nc3 Ne7 8. Be3 b6 9. Qd2 0-0 10. Bh6 f6 11. Bxg7 Kxg7 12. 0-0 Be6 13. b3 Qd7 14. a4 a5 15. h4 h5 16. Kh1 b5 17. Nb1 c4 18. bxc4 bxc4 19. d4 exd4 20. Qxd4 Rfd8 21. Qc3 Bg4 22. Nbd2 Bxf3 23. Nxf3 Qe6 24. Rfe1 c5 25. e5 Nc6 26. Re4 Nd4 27. Rae1 Rd7 28. Nxd4 cxd4 29. Rxd4 fxe5 30. Rxe5 Qxe5 31. Rxd7+ Kf6 32. Rf7+ 1-0

[Event "Znojmo Rotunda op"]
[White "Mikolas, Jakub"]
[Black "Glacner, Karel"]
[Site "Znojmo"]
[Round "9"]
[Result "1-0"]
[Date "2024.06.30"]
[WhiteElo "1708"]
[BlackElo "1646"]
[PlyCount "71"]
[EventDate "2024.06.23"]
[EventType "swiss"]
[EventRounds "9"]
[EventCountry "CZE"]
[SourceTitle "CBM 221 Extra"]
[Source "ChessBase"]
[SourceDate "2024.09.30"]
[SourceVersion "1"]
[SourceVersionDate "2024.09.30"]
[SourceQuality "1"]

1. d4 e5 2. dxe5 Nc6 3. Nf3 Qe7 4. Bf4 Qb4+ 5. Bd2 Qxb2 6. Nc3 Bb4 7. Rb1 Qa3 8. Nd5 Bxd2+ 9. Qxd2 Kd8 10. Qg5+ Nge7 11. Nxe7 Qxe7 12. Qxg7 Re8 13. Ng5 Nxe5 14. Qxe5 d6 15. Qxe7+ Rxe7 16. e3 f6 17. Nf3 Be6 18. a3 Bd5 19. Bd3 Bxf3 20. gxf3 c5 21. Rg1 Rb8 22. Be4 Kc7 23. c4 b6 24. Kd2 Rf8 25. Bf5 Rd8 26. e4 Kc6 27. Rg3 Rb8 28. a4 a5 29. Rbg1 Rbb7 30. Rg8 b5 31. axb5+ Kb6 32. Rd8 a4 33. Rxd6+ Ka5 34. Ra6+ Kb4 35. Rb1+ Kxc4 36. Rxa4# 1-0

[Event "Znojmo Rotunda op"]
[White "Mikolas, Jakub"]
[Black "Molik, Jakub"]
[Site "Znojmo"]
[Round "7"]
[Result "1/2-1/2"]
[Date "2024.06.28"]
[WhiteElo "1708"]
[BlackElo "1657"]
[PlyCount "101"]
[EventDate "2024.06.23"]
[EventType "swiss"]
[EventRounds "9"]
[EventCountry "CZE"]
[SourceTitle "CBM 221 Extra"]
[Source "ChessBase"]
[SourceDate "2024.09.30"]
[SourceVersion "1"]
[SourceVersionDate "2024.09.30"]
[SourceQuality "1"]

1. d4 Nf6 2. c4 e6 3. g3 c5 4. d5 exd5 5. cxd5 d6 6. Nc3 g6 7. e4 Bg7 8. Bg2 0-0 9. Nge2 Nbd7 10. 0-0 Re8 11. Qc2 a6 12. a4 Re7 13. Re1 Ne8 14. Bg5 Ndf6 15. Nc1 Bd7 16. Nd3 h6 17. Bxf6 Bxf6 18. f4 Bg7 19. e5 c4 20. Nf2 dxe5 21. fxe5 Rxe5 22. Rxe5 Bxe5 23. Qe2 Qc7 24. Nfe4 Bg7 25. Kh1 Rc8 26. d6 Qb8 27. Nd5 Kh7 28. Nb6 Rd8 29. Nc5 Bc6 30. Bxc6 bxc6 31. d7 Nf6 32. a5 Nd5 33. Nxa6 Qe5 34. Qxe5 Bxe5 35. Nc5 Bxb2 36. Rb1 c3 37. Nd3 Nxb6 38. Nxb2 Nxd7 39. Na4 Ra8 40. Nb6 Nxb6 41. Rxb6 c5 42. Rb5 c2 43. Rxc5 c1Q+ 44. Rxc1 Rxa5 45. Rc2 g5 46. Kg2 Kg6 47. Rf2 Rf5 48. Rd2 Rf6 49. h3 h5 50. g4 h4 51. Rd5 1/2-1/2

[Event "Znojmo Rotunda op"]
[White "Buchta, Vaclav"]
[Black "Mikolas, Jakub"]
[Site "Znojmo"]
[Round "1"]
[Result "1-0"]
[Date "2024.06.23"]
[WhiteElo "2099"]
[BlackElo "1708"]
[PlyCount "51"]
[EventDate "2024.06.23"]
[EventType "swiss"]
[EventRounds "9"]
[EventCountry "CZE"]
[SourceTitle "CBM 221 Extra"]
[Source "ChessBase"]
[SourceDate "2024.09.30"]
[SourceVersion "1"]
[SourceVersionDate "2024.09.30"]
[SourceQuality "1"]

1. Nf3 Nf6 2. g3 d5 3. Bg2 e6 4. 0-0 Be7 5. d3 0-0 6. Nbd2 Nc6 7. e4 dxe4 8. dxe4 e5 9. c3 Be6 10. Qe2 Qd7 11. Nc4 Bxc4 12. Qxc4 a6 13. Bg5 b5 14. Qe2 Qe6 15. Bxf6 Bxf6 16. Rfd1 Rfd8 17. Rxd8+ Nxd8 18. a4 c6 19. Bf1 Nb7 20. Qe3 Nd6 21. axb5 cxb5 22. Qb6 Bd8 23. Qc6 Ra7 24. Rxa6 Rxa6 25. Qxa6 Nxe4 26. Qa8 1-0